Every City in Florida on a Map - Statistics

General Stats
  • This quiz has been taken 12,289 times
  • The average score is 42 of 411
Answers on the Map
Answers color-coded by a green-red scale on the quiz's map according to % correct below.
 
Answer Stats
City Population % Correct
Miami 455,924
97%
Orlando 320,742
92%
Tampa 403,364
91%
Jacksonville 985,843
89%
Tallahassee 202,221
85%
Key West 25,103
71%
Fort Lauderdale 184,255
66%
St. Petersburg 263,553
66%
Daytona Beach 82,485
54%
Gainesville 145,812
52%
Pensacola 53,724
52%
Fort Myers 97,372
50%
West Palm Beach 124,130
46%
Panama City 35,660
45%
Miami Beach 79,607
44%
Palm Beach 9,258
43%
Sarasota 57,602
43%
St. Augustine 15,596
43%
Clearwater 116,850
41%
Naples 19,704
41%
Cape Coral 224,455
40%
Port St. Lucie 245,021
39%
Boca Raton 99,974
38%
Hialeah 221,300
38%
Hollywood 153,859
38%
Kissimmee 81,269
37%
Lakeland 122,264
35%
Melbourne 86,960
34%
Ocala 68,426
34%
Destin 14,188
28%
Jupiter 61,291
28%
Cape Canaveral 10,014
27%
Okeechobee 5,602
27%
Homestead 81,659
26%
Coral Gables 48,353
25%
Miami Gardens 110,717
25%
Bradenton 57,076
24%
North Miami 59,008
24%
Pompano Beach 113,619
23%
Coral Springs 134,906
22%
Pembroke Pines 171,119
22%
Cocoa 19,930
21%
Deltona 98,739
20%
Miramar 138,319
20%
Palm Bay 135,566
20%
South Miami 12,073
19%
Venice 28,150
19%
Winter Haven 57,109
19%
Davie 107,799
18%
Florida City 12,582
18%
Panama City Beach 19,393
18%
Sunrise 96,808
18%
Delray Beach 67,536
17%
Largo 82,248
17%
Palm Coast 102,113
17%
Sanford 65,394
17%
Springfield 8,255
17%
Boynton Beach 81,267
16%
Marathon 9,849
16%
Plantation 96,548
16%
Titusville 49,680
16%
Vero Beach 17,317
16%
Deerfield Beach 87,325
15%
Lake City 12,602
15%
Winter Park 29,894
15%
Apopka 59,113
14%
Bell 558
14%
Cocoa Beach 11,389
14%
Doral 79,359
14%
Fort Pierce 49,374
14%
Fort Walton Beach 20,925
14%
Jacksonville Beach 23,447
14%
Marco Island 16,210
14%
West Miami 6,944
14%
Lee 384
13%
North Port 88,934
13%
Palm Springs 27,132
13%
Punta Gorda 20,227
13%
Weston 68,181
13%
Winter Garden 47,294
13%
Bonita Springs 56,229
12%
DeLand 43,009
12%
Dunedin 35,930
12%
Islamorada 6,988
12%
Key Biscayne 14,414
12%
Madison 3,003
12%
North Miami Beach 42,789
12%
Parkland 37,911
12%
Plant City 40,571
12%
Sebring 11,563
12%
Seminole 19,252
12%
St. Cloud 66,448
12%
Aventura 38,741
11%
Lauderhill 73,974
11%
Pinellas Park 53,456
11%
Sanibel 6,328
11%
Stuart 19,430
11%
Tarpon Springs 25,872
11%
Wellington 61,634
11%
Alachua 10,770
10%
Clermont 48,621
10%
New Smyrna Beach 32,655
10%
Oakland 3,635
10%
Ormond Beach 44,277
10%
Oviedo 41,231
10%
Palm Beach Gardens 61,146
10%
Palmetto 13,577
10%
Altamonte Springs 45,257
9%
Atlantic Beach 13,182
9%
Coconut Creek 57,694
9%
Crestview 29,300
9%
Dade City 8,646
9%
Everglades City 384
9%
Fernandina Beach 13,647
9%
Leesburg 31,721
9%
Niceville 16,490
9%
North Palm Beach 13,095
9%
Palatka 10,730
9%
Perry 7,281
9%
Port Orange 65,966
9%
St. Pete Beach 8,732
9%
Zephyrhills 20,883
9%
Anna Maria 1,008
8%
Apalachicola 2,412
8%
Belle Glade 16,840
8%
Cedar Key 732
8%
Dania Beach 31,915
8%
Fort Myers Beach 5,251
8%
Gulfport 11,655
8%
Hallandale Beach 41,547
8%
Havana 1,740
8%
Lake Buena Vista 25
8%
Lake Mary 16,709
8%
Margate 58,593
8%
Miami Lakes 31,238
8%
Milton 10,957
8%
New Port Richey 17,708
8%
Ocoee 49,261
8%
Opa-locka 15,794
8%
Orange City 14,928
8%
Sebastian 26,846
8%
Tamarac 72,372
8%
Arcadia 7,846
7%
Bartow 20,584
7%
Clewiston 7,238
7%
Crystal River 3,514
7%
Cutler Bay 43,762
7%
Davenport 15,068
7%
Estero 37,908
7%
Eustis 24,457
7%
Greenacres 44,103
7%
Haines City 37,272
7%
Hialeah Gardens 22,286
7%
Juno Beach 3,863
7%
Lake Wales 16,681
7%
Live Oak 7,093
7%
Mexico Beach 1,122
7%
Miami Springs 13,325
7%
Mount Dora 17,756
7%
Neptune Beach 6,984
7%
Oakland Park 44,105
7%
Orange Park 9,064
7%
Pinecrest 18,051
7%
Port St. Joe 3,775
7%
Quincy 7,913
7%
Royal Palm Beach 39,489
7%
South Palm Beach 1,458
7%
St. Augustine Beach 6,779
7%
Surfside 5,472
7%
Temple Terrace 26,972
7%
Treasure Island 6,522
7%
Winter Springs 38,941
7%
Auburndale 20,011
6%
Avon Park 10,219
6%
Brooksville 9,789
6%
Cooper City 34,321
6%
DeFuniak Springs 6,764
6%
Flagler Beach 5,541
6%
Greenville 778
6%
Gulf Breeze 6,823
6%
Indian Rocks Beach 3,640
6%
Lake Worth Beach 43,346
6%
Lantana 12,086
6%
Lauderdale-by-the-Sea 6,154
6%
Lauderdale Lakes 36,035
6%
Lighthouse Point 10,501
6%
Longboat Key 7,488
6%
Maitland 19,215
6%
Marianna 7,294
6%
Miami Shores 11,530
6%
Monticello 2,714
6%
North Lauderdale 44,784
6%
Oldsmar 14,831
6%
Pahokee 5,553
6%
Port Richey 3,485
6%
Riviera Beach 38,663
6%
Safety Harbor 16,955
6%
Satellite Beach 11,343
6%
Starke 5,937
6%
Sunny Isles Beach 21,885
6%
Tavares 21,061
6%
Bal Harbour 2,967
5%
Belleair 4,495
5%
Bradenton Beach 916
5%
Casselberry 30,595
5%
Chipley 3,718
5%
DeBary 23,209
5%
Edgewater 23,636
5%
Golf 265
5%
Green Cove Springs 10,130
5%
Highland Beach 4,266
5%
High Springs 6,648
5%
Holly Hill 13,075
5%
Indian Shores 1,192
5%
Indiantown 6,755
5%
Inverness 7,857
5%
Jasper 2,762
5%
Jay 572
5%
Labelle 5,222
5%
Lake Park 8,984
5%
Lake Placid 2,514
5%
Longwood 16,794
5%
Lynn Haven 20,501
5%
Madeira Beach 3,999
5%
Melbourne Beach 3,261
5%
Newberry 8,010
5%
Palmetto Bay 24,264
5%
Rockledge 29,452
5%
South Daytona 13,781
5%
Southwest Ranches 7,566
5%
Sweetwater 20,352
5%
Tequesta 6,134
5%
Trenton 2,192
5%
Westlake 5,999
5%
Wildwood 18,636
5%
Wilton Manors 11,403
5%
Archer 1,154
4%
Atlantis 2,107
4%
Baldwin 1,366
4%
Bay Harbor Islands 5,679
4%
Bay Lake 23
4%
Belleair Beach 1,617
4%
Belle Isle 7,171
4%
Belleview 5,770
4%
Biscayne Park 2,993
4%
Blountstown 2,270
4%
Bonifay 2,825
4%
Bowling Green 2,449
4%
Bristol 924
4%
Bronson 1,235
4%
Bunnell 3,879
4%
Callahan 1,798
4%
Callaway 13,661
4%
Century 1,758
4%
Chattahoochee 2,984
4%
Chiefland 2,420
4%
Crescent City 1,696
4%
Cross City 1,790
4%
Daytona Beach Shores 5,194
4%
Dundee 6,043
4%
Dunnellon 1,990
4%
Fort Meade 5,270
4%
Freeport 6,778
4%
Frostproof 3,393
4%
Fruitland Park 8,765
4%
Golden Beach 972
4%
Greensboro 459
4%
Groveland 23,628
4%
Hampton 488
4%
Hawthorne 1,503
4%
Hillsboro Beach 1,975
4%
Holmes Beach 3,027
4%
Hypoluxo 2,823
4%
Jennings 769
4%
Kenneth City 4,975
4%
Key Colony Beach 756
4%
Lady Lake 16,967
4%
Lake Alfred 7,355
4%
Lake Butler 2,015
4%
Layton 202
4%
Macclenny 8,027
4%
Marineland 9
4%
Mayo 1,115
4%
Micanopy 652
4%
Minneola 18,001
4%
Moore Haven 1,664
4%
North Bay Village 7,930
4%
Parker 4,631
4%
Pembroke Park 6,300
4%
Polk City 3,028
4%
Ponce de Leon 518
4%
Ponce Inlet 3,450
4%
Redington Beach 1,373
4%
San Antonio 1,488
4%
South Bay 4,861
4%
Valparaiso 5,029
4%
Waldo 818
4%
Wauchula 4,943
4%
West Melbourne 29,144
4%
West Park 15,109
4%
Williston 3,201
4%
Windermere 3,092
4%
Alford 518
3%
Altha 495
3%
Astatula 2,053
3%
Belleair Bluffs 2,286
3%
Belleair Shore 75
3%
Beverly Beach 516
3%
Branford 756
3%
Briny Breezes 517
3%
Brooker 336
3%
Bushnell 3,196
3%
Carrabelle 2,382
3%
Cloud Lake 140
3%
Cottondale 868
3%
Eagle Lake 4,169
3%
Eatonville 2,284
3%
Ebro 244
3%
Edgewood 2,737
3%
El Portal 1,897
3%
Esto 351
3%
Fellsmere 4,982
3%
Fort White 648
3%
Graceville 2,208
3%
Grant-Valkaria 5,045
3%
Greenwood 553
3%
Gretna 1,352
3%
Gulf Stream 968
3%
Haverhill 2,175
3%
Highland Park 278
3%
Hilliard 3,055
3%
Horseshoe Beach 174
3%
Howey-in-the-Hills 1,674
3%
Indialantic 3,114
3%
Indian Creek 82
3%
Indian Harbour Beach 9,019
3%
Indian River Shores 4,458
3%
Inglis 1,599
3%
Interlachen 1,482
3%
Jupiter Inlet Colony 426
3%
Jupiter Island 828
3%
Keystone Heights 1,536
3%
Lake Clarke Shores 3,542
3%
Lake Helen 2,964
3%
Laurel Hill 608
3%
Lawtey 670
3%
Lazy Lake 31
3%
Loxahatchee Groves 3,452
3%
Malabar 3,120
3%
Malone 1,567
3%
Manalapan 429
3%
Mangonia Park 2,586
3%
Mary Esther 4,084
3%
Mascotte 8,536
3%
Medley 1,036
3%
Midway 3,478
3%
Montverde 1,763
3%
Mulberry 4,346
3%
North Redington Beach 1,469
3%
Oak Hill 2,128
3%
Ocean Ridge 1,841
3%
Palm Beach Shores 1,327
3%
Palm Shores 1,209
3%
Raiford 225
3%
Redington Shores 2,164
3%
Sea Ranch Lakes 552
3%
Shalimar 760
3%
Sneads 1,756
3%
South Pasadena 5,288
3%
St. Leo 2,628
3%
St. Marks 305
3%
Umatilla 3,889
3%
Vernon 745
3%
Virginia Gardens 2,260
3%
Wewahitchka 2,179
3%
White Springs 760
3%
Zolfo Springs 1,735
3%
Bascom 90
2%
Campbellton 198
2%
Caryville 315
2%
Center Hill 1,002
2%
Cinco Bayou 469
2%
Coleman 771
2%
Fanning Springs 1,307
2%
Glen Ridge 214
2%
Glen St. Mary 485
2%
Grand Ridge 912
2%
Hillcrest Heights 274
2%
Jacob City 225
2%
La Crosse 320
2%
Lake Hamilton 1,643
2%
McIntosh 508
2%
Melbourne Village 684
2%
Noma 215
2%
Ocean Breeze 402
2%
Orchid 547
2%
Otter Creek 111
2%
Paxton 643
2%
Penney Farms 838
2%
Pierson 1,558
2%
Pomona Park 812
2%
Reddick 496
2%
Sewall's Point 2,064
2%
Sopchoppy 466
2%
St. Lucie Village 605
2%
Wausau 386
2%
Webster 931
2%
Welaka 743
2%
Westville 270
2%
Worthington Springs 389
2%
Yankeetown 628
2%
No matching quizzes found
Score Distribution
Percent of People with Each Score
Percentile by Number Answered
Your Score History
You have not taken this quiz